Reliability and profit optimization of repairable systems with combined redundancy strategies (Record no. 393588)

MARC details
000 -LEADER
fixed length control field 00467nam a22001577a 4500
005 - DATE & TIME
control field 20251015164106.0
008 - FIXED-LENGTH DATA ELEMENTS--GENERAL INFORMATION
fixed length control field 251015b |||||||| |||| 00| 0 eng d
040 ## - CATALOGING SOURCE
Original cataloging agency VIVEKANANDA LIBRARY
082 ## - DDC NUMBER
Classification number 519.5
Book Number L154R
100 ## - MAIN ENTRY--PERSONAL NAME
Personal name Lalji
245 ## - TITLE STATEMENT
Title Reliability and profit optimization of repairable systems with combined redundancy strategies
260 ## - PUBLICATION, DISTRIBUTION, ETC. (IMPRINT)
Name of publisher, distributor, etc Department of Mathemtics, M D University, Rohtak
Date of publication, distribution, etc 2025
300 ## - PHYSICAL DESCRIPTION
Pages 141
700 ## - Added Entry Personal Name
Added Entry Personal Name Taneja, Gulshan Lal
942 ## - ADDED ENTRY ELEMENTS (KOHA)
Koha item type Thesis
Holdings
Withdrawn status Lost status Source of classification or shelving scheme Damaged status Not for loan Location (home branch) Sublocation or collection (holding branch) Shelving location Date acquired Koha issues (times borrowed) Koha full call number Accession No. Koha date last seen Copy number Koha item type
    Dewey Decimal Classification     VIVEKANANDA LIBRARY VIVEKANANDA LIBRARY Vivekananda Library 15/10/2025   519.5 L154R 411145 15/10/2025 R Thesis
© Designed and Maintained by Vivekananda Library, MDU Rohtak